000 00469nam a22001217a 4500
999 _c18696
_d18696
008 210115b xxu||||| |||| 00| 0 eng d
050 _aGMB0144
_b.K64 2018 c.1
100 _aKoech, Brenda Chelimo
245 _aThe Effect of Organizational Restructuring on Job Satisfaction of Flower Firms in Kenya.
_bA Case Study of Oserian Development Company in Naivasha
260 _aKabarak, Nakuru, Kenya
_bKabarak University
_c2018
300 _axi, 76 leaves
942 _2lcc
_cTHE